Prc̀tica de la prueba judicial

Bibliographic Details
Main Author: Can̨̤ Ramr̕ez, Pedro Alejo
Format: Unknown
Language:Spanish
Published: Bogot,̀ D.C. : ECOE, 2009
Subjects:
Online Access:Acceso restringido

MARC

LEADER 00000ny a22000003n 4500
005 20110610141438.0
008 100514s2009 ck b 001 0 spa
010 |a 2009511687 
020 |a 9789586486217 
035 |a 4835 
040 |a DLC  |c DLC  |d vLex 
090 |c 636  |d 636 
100 1 |a Can̨̤ Ramr̕ez, Pedro Alejo 
245 1 0 |a Prc̀tica de la prueba judicial  |h [Recurso electrn̤ico]  |c Pedro Alejo Can̨̤ Ramr̕ez 
256 |a Servicio en ln̕ea 
260 |a Bogot,̀ D.C. :  |b ECOE,  |c 2009 
506 1 |a Contenido solo disponible en los productos indicados  |d vLex Global  |d vLex Global (Academic Edition, excluding Law Schools)  |d vLex Global (U.S. Academic Edition, Law Schools)  |d vLex Global (U.S. Academic Edition, excluding Law Schools)  |d vLex Global (Academic Edition, Law Schools) 
650 0 4 |a Prueba (Derecho)  |z Espaą  |x Jurisprudencia 
740 0 |a vLex Libros (Servicios en ln̕ea) 
856 4 0 |u http://vlex.com/source/4835  |z Acceso restringido 
942 |c BOOK 
999 0 |a Law  |b Colombia